Fondy predvstupovej pomoci EÚ a SR
Cesta Slovenska k EÚ. Predvstupové fondy - program PHARE, ISPA, SAPARD. Systém riadenia programov v SR, čerpanie finančnej pomoci v rámci programov. Skúsenosti s využívaním predvstupových fondov v SR.
Gespeichert in:
| 1. Verfasser: | |
|---|---|
| Format: | Buchkapitel |
| Sprache: | Slowakisch |
| Schlagworte: | |
| Tags: |
Keine Tags, Fügen Sie das erste Tag hinzu!
|
MARC
| LEADER | 00000naa$a2200000$$$4500 | ||
|---|---|---|---|
| 001 | 0031559 | ||
| 005 | 20240502071437.8 | ||
| 041 | 0 | |a slo | |
| 044 | |a SK | ||
| 245 | 1 | 0 | |a Fondy predvstupovej pomoci EÚ a SR |c Martin Alexy |
| 520 | |a Cesta Slovenska k EÚ. Predvstupové fondy - program PHARE, ISPA, SAPARD. Systém riadenia programov v SR, čerpanie finančnej pomoci v rámci programov. Skúsenosti s využívaním predvstupových fondov v SR. | ||
| 610 | 2 | 0 | |a Slovensko |
| 610 | 2 | 0 | |a Európska únia |
| 610 | 2 | 0 | |a programy |
| 610 | 2 | 0 | |a pomoc finančná |
| 610 | 2 | 0 | |a fondy finančné |
| 610 | 2 | 0 | |a fond rozvoja |
| 610 | 2 | 0 | |a PHARE |
| 610 | 2 | 0 | |a ISPA |
| 610 | 2 | 0 | |a SAPARD |
| 100 | 1 | |a Alexy, Martin, 1976- | |